| 000 | 00584nam a2200181 i 4500 | ||
|---|---|---|---|
| 001 | 134904 | ||
| 003 | ES-MaACL | ||
| 005 | 20230906194752.0 | ||
| 007 | t| | ||
| 008 | 070703s1963 sp ||||1| spa d | ||
| 080 | _a92(Sauerbruch, Ferdinand) | ||
| 100 | 1 |
_aThorwald, Jürgen. _9110160 |
|
| 245 | 1 | 0 |
_aCuando la mano tiembla _b: el trágico fin de un gran cirujano / _cJürgen Thorwald ; [versión española de Javier García]. |
| 260 |
_aBarcelona : _bArgos, _c[1963] |
||
| 300 |
_a189 p. ; _c24 cm. |
||
| 700 | 1 |
_aGarcía, Javier. _954038 |
|
| 852 |
_aES-MaACL _jC-23610 _bR.52219 |
||
| 999 |
_c134904 _d134904 |
||